| Tag |
First Indicator |
Second Indicator |
Subfields |
| LEADER |
00000cam a2200000 a 4500 |
| 001 |
in00000007251 |
| 005 |
20151005060017.0 |
| 008 |
870917s1987 fr a bc 00000 fre d |
| 020 |
|
|
|a 285346041X
|
| 035 |
|
|
|a (OCoLC)16824423
|
| 035 |
|
|
|9 AAA1734AM
|
| 040 |
|
|
|a BRL
|c BRL
|d IQU
|d TXA
|d UtOrBLW
|
| 043 |
|
|
|a e-fr---
|
| 049 |
|
|
|a TXAM
|c [A12614082]
|
| 050 |
|
4 |
|a T805 1937.B1
|b P375 1987
|
| 245 |
0 |
0 |
|a Paris 1937 :
|b cinquantenaire de l'Exposition internationale des arts et des techniques dans la vie moderne /
|c [catalogue réalisé sous la direction de Bertrand Lemoine ; assisté de Philippe Rivoirard].
|
| 264 |
|
1 |
|a Paris :
|b Institut français d'architecture :
|b Paris-Musées,
|c [1987]
|
| 264 |
|
4 |
|c ©1987
|
| 300 |
|
|
|a 510 pages :
|b illustrations (some color) ;
|c 24 cm.
|
| 336 |
|
|
|a text
|b txt
|2 rdacontent
|
| 337 |
|
|
|a unmediated
|b n
|2 rdamedia
|
| 338 |
|
|
|a volume
|b nc
|2 rdacarrier
|
| 500 |
|
|
|a Catalog of an exhibition held at the Musée d'art moderne de la ville de Paris, May 13-Aug. 30, 1987.
|
| 500 |
|
|
|a Cover title: Paris 1937 cinquantenaire.
|
| 504 |
|
|
|a Bibliography: pages 502-503.
|
| 611 |
2 |
0 |
|a Exposition internationale
|d (1937 :
|c Paris, France)
|x Exhibitions.
|
| 650 |
|
0 |
|a Civilization, Modern
|y 20th century
|x Exhibitions.
|
| 700 |
1 |
|
|a Lemoine, Bertrand.
|
| 700 |
1 |
|
|a Rivoirard, P.
|
| 710 |
2 |
|
|a Institut français d'architecture.
|
| 710 |
2 |
|
|a Musée d'art moderne de la ville de Paris.
|
| 740 |
0 |
|
|a Paris 1937 cinquantenaire.
|
| 999 |
|
|
|a MARS
|
| 999 |
f |
f |
|s e01376b4-663f-3638-a1b4-9cfa15f98d80
|i bb369e07-6113-36a9-bb08-e86a000590ba
|t 0
|
| 952 |
f |
f |
|p ric
|a Texas A&M University
|b Rellis Campus
|c Joint Library Facility
|d Remote Storage
|t 0
|e T805 1937.B1 P375 1987
|h Library of Congress classification
|i unmediated -- volume
|m A14812614082
|
| 998 |
f |
f |
|a T805 1937.B1 P375 1987
|t 0
|l Remote Storage
|